ARRUPE JESUIT UNIVERSITY

CORONAVIRUS -STOP THE SPREAD - CLEAN,DISINFECT,COVER

The theory of communicative action (Record no. 25991)

MARC details
000 -LEADER
fixed length control field 00475nam a2200193Ia 4500
003 - CONTROL NUMBER IDENTIFIER
control field 0100
005 - DATE AND TIME OF LATEST TRANSACTION
control field 20190718103546.0
008 - FIXED-LENGTH DATA ELEMENTS--GENERAL INFORMATION
fixed length control field 130303s9999 xx 000 0 und d
020 ## - INTERNATIONAL STANDARD BOOK NUMBER
International Standard Book Number 0807015075
040 ## - CATALOGING SOURCE
Transcribing agency ARRUPELIB
050 ## - LIBRARY OF CONGRESS CALL NUMBER
Classification number HM24.H3213
300 ## - PHYSICAL DESCRIPTION
Other physical details 465p. 23cm.
100 ## - MAIN ENTRY--PERSONAL NAME
Personal name Habermas, Jurgen
9 (RLIN) 47251
245 #4 - TITLE STATEMENT
Title The theory of communicative action
245 ## - TITLE STATEMENT
Remainder of title reason and the rationalization of society
260 ## - PUBLICATION, DISTRIBUTION, ETC. (IMPRINT)
Place of publication, distribution, etc Boston
Name of publisher, distributor, etc Beacon Press
Date of publication, distribution, etc 1983
300 ## - PHYSICAL DESCRIPTION
Extent xlii
650 ## - SUBJECT ADDED ENTRY--TOPICAL TERM
Topical term or geographic name as entry element Sociology
General subdivision Philosophy
-- Collected works
9 (RLIN) 47252
650 ## - SUBJECT ADDED ENTRY--TOPICAL TERM
Topical term or geographic name as entry element Rationalism
General subdivision Collected works
9 (RLIN) 47253
650 ## - SUBJECT ADDED ENTRY--TOPICAL TERM
Topical term or geographic name as entry element Social action
General subdivision Collected works
9 (RLIN) 47254
650 ## - SUBJECT ADDED ENTRY--TOPICAL TERM
Topical term or geographic name as entry element Communication
General subdivision Philosophy
-- Collected works
9 (RLIN) 47255
650 ## - SUBJECT ADDED ENTRY--TOPICAL TERM
Source of heading or term Fuctionalism
General subdivision Collected works
9 (RLIN) 47256
942 ## - ADDED ENTRY ELEMENTS (KOHA)
Source of classification or shelving scheme Library of Congress Classification
Koha item type Monograph ( Printed materials)
Holdings
Withdrawn status Lost status Source of classification or shelving scheme Damaged status Not for loan Collection code Home library Current library Shelving location Date acquired Total Checkouts Full call number Barcode Date last seen Date checked out Copy number Price effective from Koha item type
    Library of Congress Classification     Main Collection ARRUPE LIBRARY ARRUPE LIBRARY   04/03/2013 2 HM24.H3213 46003046347 14/04/2023 12/01/2023 1 04/03/2013 Monograph ( Printed materials)
    Library of Congress Classification     Main Collection ARRUPE LIBRARY ARRUPE LIBRARY   04/03/2013 1 HM24.H3213 46003091553 30/04/2018 16/11/2016 2 04/03/2013 Monograph ( Printed materials)

 

Arrupe Library. PO Box MP320 Mt Pleasant, Harare, Zimbabwe
263 242 745411|librarian@aju.ac.zw